000 01874cam a2200157 4500500
005 20260405040636.0
041 _afre
042 _adc
100 1 0 _aBoissière, Joël
_eauthor
700 1 0 _aFau, Simon
_eauthor
700 1 0 _aPedró, Francesc
_eauthor
245 0 0 _aLe numérique : Une chance pour l'école
260 _bArmand Colin,
_c2013.
520 _aLe numérique, une chance pour l’école ? Oui, assurément oui, mais à condition de savoir s’y prendre. Alors que désormais plus de 6 milliards d’êtres humains disposent d’un téléphone portable dont la puissance est supérieure à l’informatique qui a permis d’aller sur la lune, nous ne pouvons ignorer le saut technologique qui s’est produit au cours des vingt dernières années et, parallèlement, les attentes, les défis, mais aussi les opportunités qui s’offrent à l’école. Regardons autour de nous où sont mises en œuvre de bonnes pratiques. Inspirons-nous du Nord, du Sud, pour dépasser l’apparente timidité française et écoutons ce que nous disent les acteurs de l’éducation, les chercheurs, les décideurs à tous niveaux. Cette révolution a profondément bouleversé le contexte de l’école. Elle a fait émerger de nouvelles questions citoyennes et politiques, mais également des rapports de force entre des décideurs publics (nationaux et internationaux) et de nouveaux géants fortement capitalistiques pour qui l’éducation est avant tout un marché. Alors que les jeunes passent désormais plus de temps devant les écrans qu’à l’école, il devient crucial de faire des propositions pour mettre cette déferlante numérique au service de l’éducation. Cet ouvrage propose des pistes, à la lumière d’expériences internationales.
856 4 1 _uhttps://shs.cairn.info/le-numerique--9782200279844?lang=fr&redirect-ssocas=7080
999 _c2163824
_d2163824